000 00518nam a2200193 a 4500
001 1773220478444
003 YourLibrary
005 20260311144732.0
008 260311s2003##################000#0#eng##
020 _a9780521622264
082 0 4 _a362.28083
_bKIN
100 1 _aKing, Robert A.,
_eauthor.
245 1 0 _aSuicide in Children and Adolescents :
260 _bCambridge University Press,
_c2003.
300 _a340 pages
650 0 _aMedical.
942 _cENGLISH
040 _aYourLibrary
_beng
_cYourLibrary
999 _c617566
_d617566